| 000 | 00801nmm a2200241 a 4500 | ||
|---|---|---|---|
| 003 | AR-X00000XY | ||
| 005 | 20251128211949.0 | ||
| 008 | 137020s2006 ||||||||||||||000 | chi|| | ||
| 020 | _a7-5439-3005-6 | ||
| 040 | _cAR-X00000XY | ||
| 245 | 1 | 0 | _aClassical library buildings of the world |
| 260 |
_aShangai _bShangai Library _c2006 |
||
| 300 | 0 |
_a[ca. 200 p.] _bil. |
|
| 500 | 0 | _aEdición bilingüe chino-inglés | |
| 500 | 1 | _aIncluye reproducciones fotográficas de 47 bibliotecas del mundo distinguidas por su estilo arquitectónico, entre ellas, la Biblioteca Nacional de Maestros de Buenos Aires | |
| 650 | 4 | _aBIBLIOTECAS | |
| 650 | 4 | _aEDIFICIOS DE BIBLIOTECAS | |
| 650 | 4 | _aARQUITECTURA | |
| 650 | 4 | _aARTE CLASICO | |
| 700 | 1 |
_aWu, Jianzhong _eeditor |
|
| 942 | _cBK | ||
| 998 | _cNancy | ||
| 999 |
_c21820 _d21820 |
||